Statistics for Random Name a Valid Number 1 Hit by Year

Click here to take the quiz!

General Stats

  • This quiz has been taken 163 times
  • The average score is 4 of 12

Answer Stats

Name a Number 1 song in...Answers% Correct
2007No One | Kiss Kiss | Crank That (Soulja Boy) | Stronger | Big Girls Don't Cry | Beautiful Girls | Hey There Delilah | Umbrella | Makes me Wonder | Buy U a Drank (Shawty Snappin') | Girlfriend | Give it to Me | Don't Matter | Glamorous | This Is Why I'm Hot | What Goes Around...Comes Around | Say it Right | Irreplaceable
100%
1983Say Say Say | All Night Long (All Night) | Islands in the Stream | Total Eclipse of the Heart | Tell Her About It | Maniac | Sweet Dreams (Are Made of This) | Every Breath You Take | Flashdance...What a Feeling | Let's Dance | Beat It | Come On Eileen | Billie Jean | Baby, Come to Me | Down Under | Africa | Maneater
100%
2008Single Ladies (Put a Ring on It) | Live Your Life | Whatever You Like | Womanizer | So What | Disturbia | I Kissed a Girl | Viva la Vida | Lollipop | Take a Bow | Bleeding Love | Touch my Body | Love in this Club | Low
100%
1977How Deep Is Your Love | You Light Up My Life | Star Wars Theme / Cantina Band | Best of My Love | I Just Want to Be Your Everything | Looks Like We Made It | Da Doo Ron Ron | Undercover Angel | Gonna Fly Now (Theme From Rocky) | Got to Give It Up (Part 1) | Dreams | I'm Your Boogie Man | Sir Duke | When I Need You | Hotel California | Southern Nights | Don't Leave Me This Way | Don't Give Up on Us | Dancing Queen | Rich Girl | Evergreen (Love Theme from A Star Is Born) | New Kid in Town | Blinded by the Light | Torn Between Two Lovers | Car Wash | I Wish | You Make Me Feel Like Dancing | You Don't Have to Be a Star (To Be in My Show) | Tonight's the Night (Gonna Be Alright)
67%
1978Le Freak | You Don't Bring Me Flowers | MacArthur Park | You Needed Me | Hot Child in the City | Kiss You All Over | Boogie Oogie Oogie | Grease | Three Times a Lady | Miss You | Shadow Dancing | You're the One That I Want | Too Much, Too Little, Too Late | With a Little Luck | If I Can't Have You | Night Fever | (Love Is) Thicker Than Water | Stayin' Alive | Baby Come Back | How Deep Is Your Love
67%
2012Locked Out of Heaven | Diamonds | One More Night | We Are Never Ever Getting Back Together | Whistle | Call Me Maybe | Somebody That I Used to Know | We Are Young | Part of Me | Stronger (What Doesn't Kill You) | Set Fire to the Rain | Sexy and I Know It | We Found Love
67%
2005Don't Forget About Us | Run It! | Gold Digger | We Belong Together | Inside Your Heaven | Hollaback Girl | Candy Shop | Let me Love You
60%
2006Irreplaceable | I Wanna Love You | My Love | Money Maker | SexyBack | London Bridge | Promiscuous | Do I Make You Proud | Hips Don't Lie | Ridin' | SOS | Bad Day | Temperature | So Sick | You're Beautiful | Check on It | Grillz | Laffy Taffy | Don't Forget About Us
60%
1984Like a Virgin | Out of Touch | Wake Me Up Before You Go-Go | Caribbean Queen (No More Love on the Run) | I Just Called to Say I Love You | Let's Go Crazy | Missing You | What's Love Got to Do with It | Ghostbusters | When Doves Cry | The Reflex | Time After Time | Let's Hear It for the Boy | Hello | Against All Odds (Take a Look at Me Now) | Footloose | Jump | Karma Chameleon | Owner of a Lonely Heart | Say Say Say
57%
2016Black Beatles | Closer | Cheap Thrills | One Dance | Can't Stop the Feeling! | Panda | Work | Love Yourself | Pillowtalk | Sorry | Hello
50%
1987Faith | Heaven is a Place on Earth | (I've Had) The Time of My Life | Mony Mony | I Think We're Alone Now | Bad | Lost in Emotion | Here I Go Again | Didn't We Almost Have It All | I Just Can't Stop Loving You | La Bamba | Who's That Girl | I Still Haven't Found What I'm Looking For | Shakedown | Alone | I Wanna Dance with Somebody (Who Loves Me) | Head to Toe | Always | You Keep Me Hangin' On | With or Without You | (I Just) Died in Your Arms | I Knew You Were Waiting (for Me) | Nothing's Gonna Stop Us Now | Lean on Me | Jacob's Ladder | Livin' on a Prayer | Open Your Heart | At This Moment | Shake You Down | Walk Like an Egyptian
50%
1967Hello, Goodbye | Daydream Believer | Incense and Peppermints | To Sir With Love | The Letter | Ode to Billie Joe | All You Need Is Love | Light My Fire | Windy | Respect | Groovin | The Happening | Ruby Tuesday | Kind of a Drag | I'm a Believer
50%
2003Hey Ya! | Stand Up | Baby Boy | Shake Ya Tailfeather | Crazy in Love | This Is the Night | 21 Questions | Get Busy | In Da Club | All I Have | Bump, Bump, Bump | Lose Yourself
50%
1994On Bended Knee | I'll Make Love to You | Stay (I Missed You)I Swear | Bump n' Grind | The Sign | The Power of Love | All for Love | Hero
50%
2017Perfect | Rockstar | Bodak Yellow (Money Moves) | Look What You Made Me Do | Despacito | I'm the One | That's What I Like | Humble | Shape of You | Bad and Boujee | Star Boy | Black Beatles
50%
1985Say You, Say Me | Broken Wings | Separate Lives | We Built This City | Miami Vice Theme | Part-Time Lover | Saving All My Love for You | Take on Me | Oh Sheila | Money for Nothing | St. Elmo's Fire (Man in Motion) | The Power of Love | Shout | Everytime You Go Away | A View to a Kill | Sussudio | Heaven | Everybody Wants to Rule the World | Everything She Wants | Don't You (Forget About Me) | Crazy for You | We Are the World | One More Night | Can't Fight This Feeling | Careless Whisper | I Want to Know What Love Is | Like a Virgin
50%
2018Thank U, Next | Sicko Mode | Girls Like You | In My Feelings | I Like It | Nice for What | Sad! | Psycho | This is America | God's Plan | Havana | Perfect
50%
1995One Sweet Day | Exhale (Shoop Shoop) | Fantasy | Gangsta's Paradise | You Are Not Alone | Kiss from a Rose | Waterfalls | Have You Ever Really Loved a Woman? | This Is How We Do It | Take a Bow | Creep | Here Comes the Hotstepper | On Bended Knee
43%
1990Because I Love You (The Postman Song) | I'm Your Baby Tonight | Love Takes Time | Ice Ice Baby | Black Cat | I Don't Have the Heart | Praying for Time | Close to You | (Can't Live Without Your) Love and Affection | Release Me | Blaze of Glory | If Wishes Came True | Vision of Love | She Ain't Worth It | Step by Step | It Must Have Been Love | Hold On | Vogue | Nothing Compares 2 U | I'll Be Your Everything | Love Will Lead You Back | Black Velvet | Escapade | Opposites Attract | How Am I Supposed to Live Without You | Another Day in Paradise
40%
1999Smooth | Heartbreaker | Unpretty | Bailamos | Genie in a Bottle | Wild Wild West | Bills, Bills, Bills | If You Had My Love | Livin' la Vida Loca | No Scrubs | Believe | Angel of Mine | ...Baby One More Time | Have You Ever? | I'm Your Angel
40%
1962Telstar | Big Girls Don't Cry | He's a Rebel | Monster Mash | Sherry | Sheila | The Loco-Motion | Breaking Up Is Hard to Do | Roses Are Red (My Love) | The Stripper | I Can't Stop Loving You | Stranger On The Shore | Soldier Boy | Good Luck Charm | Johnny Angel | Don't Break the Heart That Loves You | Hey! Baby | Duke of Earl | Peppermint Twist - Part 1 | The Twist | The Lion Sleeps Tonight
40%
2019All I Want for Christmas Is You | Heartless | Circles | Lose You to Love Me | Someone You Loved | Highest in the Room | Truth Hurts | Señorita | Bad Guy | Old Town Road | Shallow | 7 Rings | Sunflower | Without Me | Thank U, Next
33%
2004Drop It Like It's Hot | My Boo | Goodies | Lean Back | Slow Motion | Confessions Part II | Burn | I Believe | Yeah! | Slow Jamz | The Way You Move | Hey Ya!
33%
1968I Heard It Through the Grapevine | Love Child | Hey Jude | Harper Valley P.T.A. | People Got to Be Free | Hello, I Love You | Grazing in the Grass | This Guy's in Love with You | Mrs. Robinson | Tighten Up | Honey | (Sittin' on) The Dock of the Bay | Love is Blue | Green Tambourine | Judy in Disguise (With Glasses) | Hello, Goodbye
33%
1966I'm a Believer | Winchester Cathedral | You Keep Me Hangin' On | Poor Side of Town | Last Train To Clarksville | 96 Tears | Reach Out, I'll Be There | Cherish | You Can't Hurry Love | Sunshine Superman | Summer in the City | Wild Thing | Hanky Panky | Strangers in the Night | Paperback Writer | Paint It Black | When A Man Loves A Woman | Monday, Monday | Good Lovin | (You're My) Soul And Inspiration | The Ballad of the Green Berets | These Boots Are Made For Walkin' | Lightnin' Strikes | My Love | We Can Work It Out | The Sound of Silence
33%
1992I Will Always Love You | How Do You Talk to an Angel | End of the Road | This Used to Be My Playground | Baby Got Back | I'll Be There | Jump | Save the Best for Last | To Be with You | I'm Too Sexy | Don't Let the Sun Go Down on Me | All 4 Love | Black or White
33%
1973Time in a Bottle | The Most Beautiful Girl | Top of the World | Photograph | Keep on Truckin' (Part 1) | Midnight Train to Georgia | Angie | Half-Breed | We're an American Band | Delta Dawn | Let's Get It On | Brother Louie | Touch Me in the Morning | The Morning After | Bad, Bad Leroy Brown | Will It Go Round in Circles | Give Me Love (Give Me Peace on Earth) | My Love | Frankenstein | You Are the Sunshine of My Life | Tie a Yellow Ribbon Round the Ole Oak Tree | The Night the Lights Went Out in Georgia | Love Train | Killing Me Softly with His Song | Crocodile Rock | Superstition | You're So Vain
33%
2020Willow | Life Goes On | Positions | Mood | Savage Love | Franchise | Dynamite | WAP | Watermelon Sugar | Cardigan | Trollz | Rockstar | Rain On Me | Savage | Stuck with U | Say So | The Scotts | Toosie Slide | Blinding Lights | The Box | Circles | All I Want For Christmas Is You
33%
2021All Too Well | Easy on Me | Industry Baby | My Universe | Way 2 Sexy | Stay | Permission to Dance | Butter | Good 4 U | Save Your Tears | Rapstar | Leave the Door Open | Montero (Call Me By Your Name) | Peaches | Up | What's Next | Drivers License | Mood
25%
1974Angie Baby | Cat's in the Cradle | Kung Fu Fighting | I Can Help | Whatever Gets You thru the Night | You Ain't Seen Nothing Yet | You Haven't Done Nothin' | Then Came You | Nothing From Nothing | I Honestly Love You | Rock Me Gently | Can't Get Enough of Your Love, Babe | I Shot the Sheriff | (You're) Having My Baby | The Night Chicago Died | Feel Like Makin' Love | Annie's Song | Rock Your Baby | Rock the Boat | Sundown | Billy Don't Be a Hero | Band on the Run | The Streak | The Loco-Motion | TSOP (The Sound of Philadelphia) | Bennie and the Jets | Hooked on a Feeling | Sunshine on My Shoulders | Dark Lady | Seasons in the Sun | Love's Theme | The Way We Were | You're Sixteen | Show and Tell | The Joker | Time in a Bottle
25%
1979Escape (The Piña Colada Song) | Babe | No More Tears (Enough is Enough) | Still | Heartache Tonight | Pop Muzik | Rise | Don't Stop 'Til You Get Enough | Sad Eyes | My Sharona | Good Times | Bad Girls | Ring My Bell | Love You Inside Out | Hot Stuff | Reunited | Heart of Glass | Knock on Wood | What a Fool Believes | Tragedy | I Will Survive | Da Ya Think I'm Sexy? | Too Much Heaven | You Don't Bring Me Flowers | Le Freak
25%
1980(Just Like) Starting Over | Lady | Woman in Love | Another One Bites the Dust | Upside Down | Sailing | Magic | It's Still Rock and Roll to Me | Coming Up | Funkytown | Call Me | Another Brick in the Wall, Part II | Crazy Little Thing Called Love | Do That to Me One More Time | Rock with You | Escape (The Piña Colada Song) | Please Don't Go
25%
1982Maneater | Mickey | Truly | Up Where We Belong | Who Can It Be Now? | Jack & Diane | Hard to Say I'm Sorry | Abracadabra | Eye of the Tiger | Don't You Want Me | Ebony and Ivory | Chariots of Fire | I Love Rock 'n' Roll | Centerfold | I Can't Go for That (No Can Do) | Physical
25%
1965Over and Over | Turn! Turn! Turn! | I Hear A Symphony | Get Off of My Cloud | Yesterday | Hang On Sloopy | Eve of Destruction | Help! | I Got You Babe | I'm Henry VIII, I Am | (I Can't Get No) Satisfaction | Mr. Tambourine Man | I Can't Help Myself (Sugar Pie, Honey Bunch) | Back In My Arms Again | Help Me Rhonda | Ticket to Ride | Mrs. Brown, You've Got a Lovely Daughter | Game of Love | I'm Telling You Now | Stop! In the Name of Love | Eight Days a Week | My Girl | This Diamond Ring | You've Lost That Lovin' Feelin' | Downtown | I Feel Fine
25%
1969Some Day We'll Be Together | Leaving on a Jet Plane | Na Na Hey Hey Kiss Him Goodbye | Come Together | Wedding Bell Blues | Suspicious Minds | I Can't Get Next to You | Sugar Sugar | Honky Tonk Women | In the year 2525 | Love Theme from "Romeo and Juliet" | Get Back | Aquarius/ Let the Sunshine in | Dizzy | Everyday People | Crimson and Clover | I Heard It Through the Grapevine
25%
2001U Got it Bad | How You Remind Me | Family Affair | I'm Real | Fallin' | Bootylicious | U Remind Me | Lady Marmalade | All for You | Butterfly | Angel | Stutter | Ms. Jackson | It Wasn't Me | Independent WomenPart I
25%
1997Candle in theWind 1997 | 4 Seasons of Loneliness | Honey | Mo Money Mo Problems | I'll Be Missing You | MMMBop | Hypnotize | Can't Nobody Hold Me Down | Wannabe | Un-Break My Heart
20%
2010Firework | Grenade | Raise Your Glass | Only Girl (In the World) | What's My Name? | We R Who We R | Like a G6 | Just the Way You Are | Teenage Dream | Love the Way You Lie | California Gurls | Not Afraid | OMG | Nothin' on You | Rude Boy | Break Your Heart | Imma Be | Tik Tok
20%
1964I Feel Fine | Come See About Me | Mr. Lonely | Ringo | Leader of the Pack | Baby Love | Do Wah Diddy Diddy | Oh, Pretty Woman | The House of the Rising Sun | Where Did Our Love Go? | Everybody Loves Somebody | A Hard Day's Night | Rag Doll | I Get Around | A World Without Love | Chapel of Love | Love Me Do | My Guy | Hello, Dolly! | Can't Buy Me Love | She Loves You | I Want to Hold Your Hand | There! I've Said It Again
20%
1981Physical | Private Eyes | Arthur's Theme (Best That You Can Do) | Endless Love | Jessie's Girl | The One That You Love | Stars on 45 | Bette Davis Eyes | Morning Train (Nine Five) | Kiss on My List | Rapture | Keep on Loving You | I Love a Rainy Night | 9 to 5 | Celebration | The Tide Is High | (Just Like) Starting Over
20%
2013The Monster | Wrecking Ball | Royals | Roar | Blurred Lines | Can't Hold Us | Just Give Me a Reason | When I Was Your Man | Thrift Shop | Harlem Shake | Locked Out of Heaven
20%
1970My Sweet Lord / Isn't It a Pity | The Tears of a Clown | I Think I Love You | I'll Be There | Cracklin' Rosie | Ain't No Mountain High Enough | War | Make It with You | (They Long to Be) Close to You | Mama Told Me (Not to Come) | The Love You Save | The Long and Winding Road / For You Blue | Everything Is Beautiful | American Woman / No Sugar Tonight | ABC | Let It Be | Bridge over Troubled Water | Thank You (Falettinme Be Mice Elf Agin) / Everybody Is a Star | Venus | I Want You Back | Raindrops Keep Fallin' on My Head
17%
1996Un-Break My Heart | No Diggity | Macarena | You're Makin' Me High | How Do U Want It | Tha Crossroads | Always Be My Baby | Because You Loved Me | One Sweet Day
14%
1989Another Day in Paradise | We Didn't Start the Fire | Blame It on the Rain | When I See You Smile | Listen to Your Heart | Miss You Much | Girl I'm Gonna Miss You | Don't Wanna Lose You | Hangin' Tough | Cold Hearted | Right Here Waiting | Batdance | Toy Soldiers | If You Don't Know Me By Now | Good Thing | Baby Don't Forget My Number | Satisfied | I'll Be Loving You (Forever) | Wind Beneath My Wings | Rock On | Forever Your Girl | I'll Be There for You | Like a Prayer | She Drives Me Crazy | The Look | Eternal Flame | The Living Years | Lost in Your Eyes | Straight Up | When I'm with You | Two Hearts | My Prerogative | Every Rose Has Its Thorn
0%
1960Are You Lonesome Tonight? | Stay | Georgia on My Mind | I Want to Be Wanted | Save the Last Dance for Me | Mr. Custer | My Heart Has a Mind of Its Own | The Twist | It's Now or Never | Itsy Bitsy Teenie Weenie Yellow Polka Dot Bikini | I'm Sorry | Alley-Oop | Everybody's Somebody's Fool | Cathy's Clown | Stuck on You | Theme From "A Summer Place" | Teen Angel | Running Bear | El Paso | Why
0%
1991Black or White | Set Adrift on Memory Bliss | When a Man Loves a Woman | Cream | Romantic | Emotions | Good Vibrations | I Adore Mi Amor | The Promise of a New Day | (Everything I Do) I Do It for You | Unbelievable | Rush Rush | More Than Words | I Don't Wanna Cry | I Like the Way (The Kissing Game) | Joyride | Baby Baby | You're in Love | I've Been Thinking About You | Coming Out of the Dark | One More Try | Someday | All the Man That I Need | Gonna Make You Sweat (Everybody Dance Now) | The First Time | Love Will Never Do(Without You) | Justify My Love
0%
2014Blank Space | All About That Bass | Shake it Off | Rude | Fancy | All of Me | Happy | Dark Horse | Timber | The Monster
0%
1971Brand New Key | Family Affair | Theme from Shaft | Gypsys, Tramps & Thieves | Maggie May / Reason to Believe | Go Away Little Girl | Uncle Albert / Admiral Halsey | How Can You Mend a Broken Heart | You've Got a Friend | Indian Reservation (The Lament of the Cherokee Reservation Indian) | It's Too Late / I Feel the Earth Move | Want Ads | Brown Sugar | Joy to the World | Just My Imagination (Running Away with Me) | Me and Bobby McGee | One Bad Apple | Knock Three Times | My Sweet Lord / Isn't It a Pity
0%
1963Dominique | I'm Leaving It Up to You | Deep Purple | Sugar Shack | Blue Velvet | My Boyfriend's Back | Fingertips (pt. II) | So Much In Love | Surf City | Easier Said Than Done | Sukiyaki | It's My Party | If You Wanna Be Happy | I Will Follow Him | He's So Fine | Our Day Will Come | Walk Like A Man | Hey Paula | Walk Right In | Go Away Little Girl | Telstar
0%
2009Empire State of Mind | Whatcha Say | Fireflies | Down | 3 | I Gotta Feeling | Boom Boom Pow | Poker Face | Right Round | Crack a Bottle | My Life Would Suck Without You | Just Dance | Single Ladies (Put a Ring on It)
0%
1988Every Rose Has Its Thorn | Look Away | Baby, I Love Your Way/ Freebird Medley | Bad Medicine | Wild, Wild West | Kokomo | A Groovy Kind of Love | Red Red Wine | Love Bites | Don't Worry, Be Happy | Sweet Child o' Mine | Monkey | Roll With It | Hold On to the Nights | The Flame | Dirty Diana | Foolish Beat | Together Forever | One More Try | Anything for You | Wishing Well | Where Do Broken Hearts Go | Get Outta My Dreams, Get into My Car | Man in the Mirror | Never Gonna Give You Up | Father Figure | Seasons Change | Could've Been | Need You Tonight | The Way You Make Me Feel | Got My Mind Set on You | Faith
0%
2015Hello | The Hills | What Do You Mean? | Can't Feel My Face | Cheerleader | Bad Blood | See You Again | Uptown Funk | Blank Space
0%
1993Hero | Again | I'd Do Anything for Love(But I Won't Do That) | Dreamlover | Can't Help Falling in Love | Weak | That's the Way Love Goes | Freak Me | Informer | A Whole New World | I Will Always Love You
0%
1998I'm Your Angel | Lately | Doo Wop (That Thing) | One Week | The First Night | I Don't Want to Miss a Thing | The Boy Is Mine | Too Close | My All | All My Life | Gettin' Jiggy Wit It | My Heart Will Go On | Nice and Slow | Together Again | Truly Madly Deeply | Candle in the Wind 1997
0%
2000Independent Women Part I | With Arms Wide Open | Come on Over Baby (All I Want Is You) | Music | Doesn't Really Matter | Incomplete | It's Gonna Be Me | Bent | Everything You Want | Be With You | Try Again | Maria Maria | Say My Name | Amazed | I Knew I Loved You | Thank God I Found You | What a Girl Wants | Smooth
0%
1975Let's Do It Again | Fly, Robin, Fly | That's the Way (I Like It) | Island Girl | Bad Blood | I'm Sorry / Calypso | Fame | Rhinestone Cowboy | Get Down Tonight | Fallin' in Love | Jive Talkin' | One of These Nights | The Hustle | Listen to What the Man Said | Love Will Keep Us Together | Sister Golden Hair | Thank God I'm a Country Boy | Before the Next Teardrop Falls | Shining Star | He Don't Love You (Like I Love You) | (Hey Won't You Play) Another Somebody Done Somebody Wrong Song | Philadelphia Freedom | Lovin' You | Lady Marmalade | My Eyes Adored You | Black Water | Have You Never Been Mellow | Best of My Love | Pick Up the Pieces | You're No Good | Fire | Laughter in the Rain | Please Mr. Postman | Mandy | Lucy in the Sky with Diamonds
0%
2002Lose Yourself | Dilemma | A Moment Like This | Hot in Herre | Foolish | Ain't it Funny | Always on Time | U Got it Bad | How You Remind Me
0%
1972Me and Mrs. Jones | I Am Woman | Papa Was a Rollin' Stone | I Can See Clearly Now | My Ding-a-Ling | Ben | Baby, Don't Get Hooked on Me | Black and White | Brandy (You're a Fine Girl) | Alone Again (Naturally) | Lean on Me | Song Sung Blue | The Candy Man | I'll Take You There | Oh Girl | The First Time Ever I Saw Your Face | A Horse With No Name | Heart of Gold | Without You | Let's Stay Together | American Pie | Brand New Key
0%
(Aug.-Dec.) 1958The Chipmunk Song (Christmas Don't Be Late) | To Know Him Is to Love Him | It's Only Make Believe | Tom Dooley | It's All in the Game | Volare (Nel blu dipinto di blu) | Little Star | Poor Little Fool
0%
1961The Lion Sleeps Tonight | Please Mr. Postman | Big Bad John | Runaround Sue | Hit the Road Jack | Take Good Care of My Baby | Michael | Wooden Heart (Muss I Denn) | Tossin' and Turnin' | Quarter to Three | Moody River | Running Scared | Travelin' Man | Mother-in-Law | Runaway | Blue Moon | Surrender | Pony Time | Calcutta | Will You Love Me Tomorrow | Wonderland By Night | Are You Lonesome Tonight?
0%
1976Tonight's the Night (Gonna Be Alright) | Rock'n Me | If You Leave Me Now | Disco Duck (Part 1) | A Fifth of Beethoven | Play That Funky Music | (Shake, Shake, Shake) Shake Your Booty | You Should Be Dancing | Don't Go Breaking My Heart | Kiss and Say Goodbye | Afternoon Delight | Love Hangover | Silly Love Songs | Boogie Fever | Welcome Back | Let Your Love Flow | Disco Lady | December, 1963 (Oh, What a Night) | Love Machine (Part 1) | Theme from S.W.A.T. | 50 Ways to Leave Your Lover | Love Rollercoaster | Theme from Mahogany (Do You Know Where You're Going To) | I Write the Songs | Convoy | Saturday Night
0%
(Jan.-Jun.) 2022Wait for U | First Class | As It Was | Heat Waves | We Don't Talk About Bruno | Easy on Me | All I Want for Christmas Is You
0%
1986Walk Like an Egyptian | The Way It Is | The Next Time I Fall | You Give Love a Bad Name | Human | Amanda | True Colors | When I Think of You | Stuck with You | Take My Breath Away | Venus | Higher Love | Papa Don't Preach | Glory of Love | Sledgehammer | Invisible Touch | Holding Back the Years | There'll Be Sad Songs (To Make You Cry) | On My Own | Live to Tell | Greatest Love of All | West End Girls | Addicted to Love | Kiss | Rock Me Amadeus | These Dreams | Sara | Kyrie | How Will I Know | That's What Friends Are For | Say You, Say Me
0%
2011We Found Love | Someone Like You | Moves Like Jagger | Last Friday Night (T.G.I.F.) | Party Rock Anthem | Give Me Everything | Rolling in the Deep | S&M | E.T. | Born This Way | Black and Yellow |
Hold It Against Me | Firework
0%
1959Why | Heartaches by the Number | Mack the Knife | Mr. Blue | Sleep Walk | The Three Bells | A Big Hunk o' Love | Lonely Boy | The Battle of New Orleans | Kansas City | The Happy Organ | Come Softly to Me | Venus | Stagger Lee | Smoke Gets in Your Eyes | The Chipmunk Song (Christmas Don't Be Late)
0%

Score Distribution

Percentile by Number Answered

Percent of People with Each Score

Your Score History

You have not taken this quiz